| 000 | 00429nam a2200157 4500 | ||
|---|---|---|---|
| 999 |
_c3282 _d3282 |
||
| 008 | 200326b ||||| |||| 00| 0 eng d | ||
| 082 | 0 | 0 |
_a623.87 _bM1454 |
| 100 |
_91279 _aMcGeorge, H. D. |
||
| 245 | 1 | 0 |
_aMarine auxiliary machinery / _cby H. D. McGeorge |
| 250 | _a7th ed. | ||
| 260 |
_aNew Delhi _bButterworths-Heinemann _c1995 |
||
| 300 | _a514 p. | ||
| 650 | 0 | _aMarine Engines | |
| 650 | 0 | _aMarine machinery | |
| 942 |
_2ddc _cBK |
||